The fish resources of the ocean
Guardat en:
| Autor principal: | |
|---|---|
| Format: | Llibre |
| Idioma: | anglès |
| Publicat: |
Surrey
Fishing News Books
1971
|
| Matèries: | |
| Etiquetes: |
Afegir etiqueta
Sense etiquetes, Sigues el primer a etiquetar aquest registre!
|
MARC
| LEADER | 00000nam a2200000 a 4500 | ||
|---|---|---|---|
| 001 | UCV5204 | ||
| 003 | CL-VaPUC | ||
| 008 | 920901e19710000UK |||||||||||||||||eng|d | ||
| 082 | 0 | 4 | |a 639.977 |b GUL |2 21 |
| 100 | |a Gulland, J. A |e author |9 331688 | ||
| 245 | 1 | 4 | |a The fish resources of the ocean |
| 300 | |a 255 p | ||
| 942 | |c BK | ||
| 945 | |d 19920901 00:00:00 | ||
| 260 | |a Surrey |b Fishing News Books |c 1971 | ||
| 650 | 0 | |a Recursos pesqueros |9 255431 | |
| 650 | 7 | |a CONSERVACION DE RECURSOS PESQUEROS |2 CL-VaPUC |9 261160 | |
| 583 | |a last modification |c 20120511 08:49:22 |k Rodrigo Vera | ||
| 999 | |c 211789 |d 211787 | ||
| 952 | |0 0 |1 0 |4 0 |6 639_977000000000000_GUL_1971 |7 0 |8 CCM |9 191702 |a BIBCUR |b BIBCUR |d 2019-11-14 |i 2592355 |o 639.977 GUL 1971 |p 2592355 |r 2025-04-22 |w 2019-11-14 |y BK |k CIM | ||
| 952 | |0 0 |1 0 |4 0 |6 639_977000000000000_GUL_1971 |7 0 |8 CCM |9 191703 |a BIBCUR |b BIBCUR |d 2019-11-14 |i 1975633 |o 639.977 GUL 1971 |p 1975633 |r 2025-04-22 |w 2019-11-14 |y BK |k CIM | ||